| 000 | 00620nam a22002177a 4500 | ||
|---|---|---|---|
| 005 | 20240226115453.0 | ||
| 008 | 240226b ||||| |||| 00| 0 eng d | ||
| 020 | _a9789358494525 | ||
| 040 |
_aIN-DiNC _cIN-DiNC |
||
| 041 | _deng | ||
| 082 |
_a328.54 _bNAT |
||
| 100 |
_aNath, Pranjit Kumar _eauthor |
||
| 245 |
_aLegislative procedures in India/ _cby Pranjit Kumar Nath, Deepan Das and Dipankar Basak |
||
| 250 | _a1st ed. | ||
| 260 |
_aDibrugarh: _bBanalata, _c2023. |
||
| 300 | _a151p. | ||
| 650 | _aIndian parliament | ||
| 700 |
_aDas, Deepan _eauthor |
||
| 700 |
_aBasak, Dipankar _eauthor |
||
| 942 |
_2ddc _cBK |
||
| 999 |
_c11763 _d11763 |
||